Statystyki dla Państwo według podpowiedzi #3

Kliknij tutaj aby rozwiązać quiz!

Ogólne statystyki

  • Ten quiz został rozwiązany 7 103 razy
  • Średni wynik to 11 z 22

Statystyki odpowiedzi

Podpowiedzi:Państwo% Poprawnych
piramidy, Kleopatra, Majdan at-TahrirEgipt
100%
barszcz, Morze Czarne, OdessaUkraina
86%
wulkany, wikingowie, BjörkIslandia
85%
"Dziewczyna z tatuażem", Malmö, równość dochodówSzwecja
75%
Bałkany, plaże, DubrownikChorwacja
71%
malgaski, lemury, AntananarywaMadagaskar
70%
Madera, Vasco da Gama, AlgarvePortugalia
68%
Machu Picchu, ceviche, Alberto FujimoriPeru
61%
Kilimandżaro, Dodoma, suahiliTanzania
50%
mikronacja, Pireneje, katalońskiAndora
49%
podzielona wyspa, Larnaka, narodziny AfrodytyCypr
48%
shamrock, James Joyce, Kamień z BlarneyIrlandia
46%
Cejlon, syngaleski, w kształcie łzySri Lanka
43%
Masajowie, Mombasa, maratonyKenia
39%
Jezioro Wiktorii, Kampala, Idi AminUganda
38%
środlądowe, guarani, AsunciónParagwaj
33%
Titicaca, Cochabamba, liść kokiBoliwia
32%
Citgo, Hugo Chávez, MargaritaWenezuela
26%
Tutsi, Kigali, goryle górskieRwanda
25%
Luzon, powrót MacArthura, tagalskiFilipiny
21%
"Helikopter w ogniu", szariat, Zatoka AdeńskaSomalia
18%
Papa Doc, rewolucja niewolników, Wyclef JeanHaiti
15%

Rozkład punktacji

Percentyl według liczby udzielonych odpowiedzi

Procent ludzi z każdym wynikiem

Twoja historia wyników

Nie rozwiązałeś tego quizu